Commercial Dictionary of Southern Africa. (Record no. 3415)

MARC details
000 -LEADER
fixed length control field 00388nam a22001217a 4500
005 - DATE AND TIME OF LATEST TRANSACTION
control field 20201201111707.0
008 - FIXED-LENGTH DATA ELEMENTS--GENERAL INFORMATION
fixed length control field 201201b ||||| |||| 00| 0 eng d
020 ## - INTERNATIONAL STANDARD BOOK NUMBER
International Standard Book Number 592454
040 ## - CATALOGING SOURCE
Transcribing agency CML
245 ## - TITLE STATEMENT
Title Commercial Dictionary of Southern Africa.
Statement of responsibility, etc. Braby
260 ## - PUBLICATION, DISTRIBUTION, ETC.
Place of publication, distribution, etc. South Africa
Name of publisher, distributor, etc. Head Office Publishing House
Date of publication, distribution, etc. Fiction
942 ## - ADDED ENTRY ELEMENTS (KOHA)
Source of classification or shelving scheme Dewey Decimal Classification
Koha item type Books
Edition 1st Edition
Classification part 025
Call number prefix REF 025
Call number suffix BRA
Holdings
Withdrawn status Lost status Source of classification or shelving scheme Damaged status Not for loan Collection code Home library Current library Shelving location Date acquired Total Checkouts Full call number Date last seen Copy number Price effective from Koha item type
    Dewey Decimal Classification     Generalities Chalimbana Main Library Chalimbana Main Library Generalities 12/01/2020   REF 025 BRA 12/01/2020 1 12/01/2020 Books

Powered by Koha